000 00819cam a2200265 4500
001 3614253
005 20220302090921.0
008 730830s1974 nyu b 001 0 eng
010 _a 73015590
020 _a0394487869
020 _a0394318005 (text ed.)
040 _aDLC
043 _an-us---
050 0 0 _aSPE E185.F825 1974
100 1 _aFranklin, John Hope,
_d1915-2009.
245 1 0 _aFrom slavery to freedom;
_ba history of Negro Americans.
250 _a4th ed.
260 _aNew York,
_bKnopf
_c[1974]
300 _axxv, 548, xlii p.
_c25 cm.
504 _aBibliography: p. 513-548.
650 0 _aAfrican Americans
_xHistory.
650 0 _aSlavery
_zUnited States
_xHistory.
906 _a7
_bcbc
_corignew
_d1
_eocip
_f19
_gy-gencatlg
942 _2lcc
_cBOOKS
_hSPE E185.F825 1974
999 _c31308
_d31308